00472 2200193 4500001002100000005001500021008004100036020001800077035001900095041000600114082000800120090001400128100002100142245003100163260003500194300002600229500000600255650001700261INLIS00000000000291320241224112626241224||||||||| | ||| |||| ||  a979-9408-73-3 0010-1224002913 a00 a813 a813 KHU y0 aKhusnul Khotimah00aYodium : Rahasia Si Pintar aSurabayabInsan Cendikiac2010 a76 hlm.; ilus.; 21 cm a2 0aKesusastraan